[Event "South America-ch 2nd"]
[Site "Coliseo Miguel Grau"]
[Date "2024.08.02"]
[Round "7"]
[White "Anticona Bocanegra, Fabrizio Aaron"]
[Black "Sanchez Negreiros, Alejandro Gustavo"]
[Result "1/2-1/2"]
[WhiteElo "1740"]
[BlackElo "1592"]
[PlyCount "128"]
[EventDate "2024.07.29"]
[EventType "swiss"]
[EventRounds "9"]
[EventCountry "PER"]
[SourceTitle "EXT 2025"]
[Source "ChessBase"]
[SourceDate "2024.10.14"]
[SourceVersion "1"]
[SourceVersionDate "2024.10.14"]
[SourceQuality "1"]

1. b3 e6 2. Bb2 Nf6 3. Nf3 d5 4. e3 Nbd7 5. Be2 Bd6 6. d4 c5 7. 0-0 b6 8. Nbd2 Bb7 9. Ne5 Ne4 10. Nxe4 dxe4 11. Bb5 Bxe5 12. dxe5 a6 13. Bxd7+ Qxd7 14. Qg4 0-0 15. Rad1 Qe7 16. Rd6 b5 17. Rfd1 Bd5 18. f3 Rfd8 19. fxe4 Bb7 20. R1d2 g6 21. Qd1 Rxd6 22. exd6 Qg5 23. d7 Rd8 24. Qf3 f5 25. Qf4 Qxf4 26. exf4 Kf7 27. exf5 exf5 28. Be5 Ke6 29. c4 Rxd7 30. Re2 Be4 31. cxb5 axb5 32. Kf2 b4 33. Kg3 Rd1 34. Kh4 Rc1 35. Bb2 Rc2 36. Rxc2 Bxc2 37. Kg5 Bb1 38. a3 Bc2 39. axb4 cxb4 40. Kh6 Bxb3 41. Kxh7 Kf7 42. h3 Bd5 43. g4 Bg2 44. gxf5 gxf5 45. h4 Bf3 46. Kh6 Ke6 47. Kg6 Bc6 48. h5 Be8+ 49. Kg5 Kf7 50. Kxf5 Kg8 51. Kg5 Kh7 52. f5 Bf7 53. h6 Be8 54. Bc1 Bd7 55. f6 Be6 56. Kf4 Bf7 57. Kf5 b3 58. Kg5 Be6 59. Kf4 b2 60. Bxb2 Kxh6 61. Bc1 Kg6 62. Ke5 Kf7 63. Bb2 Ba2 64. Kd6 Bb3 1/2-1/2

[Event "South America-ch 2nd"]
[Site "Coliseo Miguel Grau"]
[Date "2024.08.01"]
[Round "6"]
[White "Bedoya Rosales, Luis"]
[Black "Anticona Bocanegra, Fabrizio Aaron"]
[Result "1-0"]
[WhiteElo "1854"]
[BlackElo "1740"]
[PlyCount "51"]
[EventDate "2024.07.29"]
[EventType "swiss"]
[EventRounds "9"]
[EventCountry "PER"]
[SourceTitle "EXT 2025"]
[Source "ChessBase"]
[SourceDate "2024.10.14"]
[SourceVersion "1"]
[SourceVersionDate "2024.10.14"]
[SourceQuality "1"]

1. e4 c5 2. Nf3 d6 3. d4 cxd4 4. Nxd4 Nf6 5. Nc3 a6 6. Bc4 e6 7. Bb3 Be7 8. g4 h6 9. h4 Nc6 10. Rg1 Qa5 11. Nxc6 bxc6 12. Qe2 d5 13. Bd2 Bb4 14. 0-0-0 Bxc3 15. Bxc3 Qb5 16. Qe3 Nxe4 17. Bxg7 Rh7 18. Bxh6 Qc5 19. f3 Qxe3+ 20. Bxe3 Nd6 21. h5 Bd7 22. Bg5 c5 23. c3 Bb5 24. Bc2 Rh8 25. Bf6 Rh6 26. Bg7 1-0

[Event "South America-ch 2nd"]
[Site "Coliseo Miguel Grau"]
[Date "2024.07.30"]
[Round "3"]
[White "Anticona Bocanegra, Fabrizio Aaron"]
[Black "Moscoso Tellez, Joe Goldtie Marshal"]
[Result "1-0"]
[WhiteElo "1740"]
[BlackElo "1527"]
[PlyCount "75"]
[EventDate "2024.07.29"]
[EventType "swiss"]
[EventRounds "9"]
[EventCountry "PER"]
[SourceTitle "EXT 2025"]
[Source "ChessBase"]
[SourceDate "2024.10.14"]
[SourceVersion "1"]
[SourceVersionDate "2024.10.14"]
[SourceQuality "1"]

1. d4 d5 2. c4 e6 3. g3 c5 4. cxd5 exd5 5. Nf3 Nf6 6. Bg2 Nc6 7. 0-0 c4 8. Nc3 Be7 9. Bf4 a6 10. Re1 0-0 11. Qc2 Bg4 12. Rad1 Bb4 13. Ne5 Be6 14. Bg5 h6 15. Bxf6 Qxf6 16. Nxc6 bxc6 17. Qa4 Bxc3 18. bxc3 Bf5 19. e4 Bg4 20. Rb1 Rfd8 21. Rb6 Bd7 22. exd5 cxd5 23. Qa5 Be6 24. Rxa6 Rxa6 25. Qxa6 Qf5 26. Qb6 Ra8 27. Qb2 Qf6 28. Re5 Qd8 29. f4 g6 30. Qc2 Qa5 31. Rxe6 fxe6 32. Qxg6+ Kf8 33. Qf6+ Kg8 34. Qxe6+ Kh7 35. Bxd5 Rd8 36. Qf7+ Kh8 37. Be4 Rd7 38. Qf8# 1-0

[Event "South America-ch 2nd"]
[Site "Coliseo Miguel Grau"]
[Date "2024.07.29"]
[Round "1"]
[White "Anticona Bocanegra, Fabrizio Aaron"]
[Black "Alvarado Zamora, Albert"]
[Result "0-1"]
[WhiteElo "1740"]
[BlackElo "2155"]
[PlyCount "114"]
[EventDate "2024.07.29"]
[EventType "swiss"]
[EventRounds "9"]
[EventCountry "PER"]
[SourceTitle "EXT 2025"]
[Source "ChessBase"]
[SourceDate "2024.10.14"]
[SourceVersion "1"]
[SourceVersionDate "2024.10.14"]
[SourceQuality "1"]

1. d4 g6 2. c4 Bg7 3. Nc3 d6 4. Nf3 Bg4 5. e3 c5 6. d5 Bxc3+ 7. bxc3 Qa5 8. Bd2 Nf6 9. Bd3 Nbd7 10. Qb3 Bf5 11. Bxf5 gxf5 12. 0-0 Nb6 13. Nh4 e6 14. f3 0-0-0 15. e4 Rhg8 16. Rae1 Qa6 17. Qb5 Nxc4 18. Qxa6 bxa6 19. Bh6 Kd7 20. dxe6+ fxe6 21. exf5 exf5 22. Nxf5 Rde8 23. Kf2 Nd5 24. Rc1 Re5 25. g4 Nb2 26. f4 Nd3+ 27. Kf3 Re6 28. Rcd1 c4 29. Rd2 Nxc3 30. Rc2 Re1 31. Rff2 Nd1 32. Rfe2 d5 33. g5 Rf1+ 34. Kg3 Rxf4 35. Re7+ Kc6 36. Re6+ Kc7 37. Ne7 Rd8 38. g6 Kd7 39. Rxa6 Rf1 40. Rxa7+ Kd6 41. g7 Ne1 42. Rd2 Nc3 43. Rb2 Ne4+ 44. Kh3 c3 45. Rb6+ Kc5 46. Be3+ Kc4 47. g8Q Rf3+ 48. Kg4 Rxg8+ 49. Nxg8 Rxe3 50. Rc7+ Kd3 51. a4 Re2 52. Ne7 d4 53. Nd5 Rg2+ 54. Kh3 Rg5 55. Nb4+ Kd2 56. Rf7 Rg8 57. Re6 Ng5+ 0-1

[Event "Pan American-ch School U15 12th"]
[Site "Callao"]
[Date "2023.10.19"]
[Round "6"]
[White "Laura Cabrera, Jhon Magno"]
[Black "Anticona Bocanegra, Fabrizio Aaron"]
[Result "1/2-1/2"]
[WhiteElo "1554"]
[BlackElo "1354"]
[PlyCount "44"]
[EventDate "2023.10.16"]
[EventType "swiss"]
[EventRounds "9"]
[EventCountry "PER"]
[SourceTitle "CBM 217 Extra"]
[Source "ChessBase"]
[SourceDate "2024.01.31"]
[SourceVersion "1"]
[SourceVersionDate "2024.01.31"]
[SourceQuality "1"]

1. e4 c5 2. Nf3 d6 3. d4 cxd4 4. Nxd4 Nf6 5. Nc3 a6 6. a3 Nc6 7. Be3 e6 8. Qd2 Be7 9. g4 h6 10. Bg2 Qc7 11. 0-0-0 Bd7 12. f4 Nxd4 13. Qxd4 Bc6 14. Rhg1 Rc8 15. Bh1 d5 16. exd5 Bxd5 17. Bxd5 Nxd5 18. Qa4+ Qc6 19. Qxc6+ bxc6 20. Nxd5 cxd5 21. Rd3 Rc6 22. Bd4 Bf6 1/2-1/2

[Event "Pan American-ch School U15 12th"]
[Site "Callao"]
[Date "2023.10.16"]
[Round "2"]
[White "Vasquez Godoy, Santiago"]
[Black "Anticona Bocanegra, Fabrizio Aaron"]
[Result "1/2-1/2"]
[WhiteElo "1126"]
[BlackElo "1354"]
[PlyCount "60"]
[EventDate "2023.10.16"]
[EventType "swiss"]
[EventRounds "9"]
[EventCountry "PER"]
[SourceTitle "CBM 217 Extra"]
[Source "ChessBase"]
[SourceDate "2024.01.31"]
[SourceVersion "1"]
[SourceVersionDate "2024.01.31"]
[SourceQuality "1"]

1. e4 c5 2. Nf3 d6 3. Bb5+ Bd7 4. Qe2 a6 5. Bxd7+ Nxd7 6. 0-0 Qc7 7. Nc3 e6 8. d3 Ngf6 9. Re1 Be7 10. e5 Nxe5 11. Nxe5 dxe5 12. Bg5 h6 13. Bh4 0-0-0 14. Bg3 Nd7 15. a4 f5 16. Bxe5 Qxe5 17. Qxe5 Nxe5 18. Rxe5 Kd7 19. Rae1 Bf6 20. Rxe6 Rhe8 21. Rxe8 Rxe8 22. Rxe8 Kxe8 23. Nd1 Kd7 24. f3 f4 25. g3 b5 26. axb5 axb5 27. Kf1 Ke6 28. Nf2 Bd4 29. Ne4 Ke5 30. g4 b4 1/2-1/2

[Event "PER-ch"]
[Site "Lima"]
[Date "2023.09.03"]
[Round "9"]
[White "Montesinos Parisaca, Tupac Russell"]
[Black "Anticona Bocanegra, Fabrizio Aaron"]
[Result "0-1"]
[WhiteElo "1597"]
[BlackElo "1231"]
[PlyCount "82"]
[EventDate "2023.08.29"]
[EventType "swiss"]
[EventRounds "9"]
[EventCountry "PER"]
[SourceTitle "CBM 216 Extra"]
[Source "ChessBase"]
[SourceDate "2023.11.30"]
[SourceVersion "1"]
[SourceVersionDate "2023.11.30"]
[SourceQuality "1"]

1. b3 g6 2. Bb2 Nf6 3. Nf3 Bg7 4. g3 b6 5. Bg2 Bb7 6. 0-0 0-0 7. c4 c5 8. e3 e6 9. d4 d6 10. Nc3 Ne4 11. Nxe4 Bxe4 12. Qe2 Qc7 13. Rfd1 Qb7 14. Ne1 Bxg2 15. Rd2 Bc6 16. h4 f5 17. Rad1 cxd4 18. exd4 Re8 19. h5 Bh6 20. Rc2 Nd7 21. Ba3 d5 22. c5 bxc5 23. Bxc5 Rac8 24. f4 Nxc5 25. Rxc5 Bf8 26. Rc3 Bb4 27. Re3 Bb5 28. Qg2 Bxe1 29. Rdxe1 Qb6 30. g4 Qxd4 31. a4 Bd3 32. Qd2 Rc3 33. hxg6 hxg6 34. Qf2 Rc2 35. Qh4 Re2 36. R1xe2 Bxe2 37. Qf2 Bxg4 38. Kg2 Rc8 39. Qe1 Qxf4 40. Rxe6 Rc2+ 41. Kg1 Qh2+ 0-1

[Event "PER-ch"]
[Site "Lima"]
[Date "2023.09.02"]
[Round "7"]
[White "Guevara Hilario, Jose Antonio"]
[Black "Anticona Bocanegra, Fabrizio Aaron"]
[Result "1-0"]
[WhiteElo "1861"]
[BlackElo "1231"]
[PlyCount "79"]
[EventDate "2023.08.29"]
[EventType "swiss"]
[EventRounds "9"]
[EventCountry "PER"]
[SourceTitle "CBM 216 Extra"]
[Source "ChessBase"]
[SourceDate "2023.11.30"]
[SourceVersion "1"]
[SourceVersionDate "2023.11.30"]
[SourceQuality "1"]

1. Nf3 c5 2. b3 e6 3. Bb2 Nf6 4. d3 d5 5. Nbd2 Nc6 6. e4 Qc7 7. Bxf6 gxf6 8. exd5 exd5 9. c4 d4 10. a3 Bg4 11. Be2 Rg8 12. Nh4 Be6 13. g3 Bd6 14. Qc2 0-0-0 15. 0-0-0 Qa5 16. Kb2 Qc3+ 17. Kb1 Qa5 18. Qb2 Kc7 19. f4 f5 20. Bf3 Rb8 21. Rhe1 b5 22. Bxc6 Kxc6 23. Ka2 Qd8 24. Qc2 Bxf4 25. Rf1 Bxd2 26. Qxd2 bxc4 27. dxc4 Qf6 28. Qd3 Rge8 29. Rd2 Rb7 30. Nxf5 Bxf5 31. Rxf5 Qe6 32. Qf3+ Qe4 33. Qh5 Qe7 34. Rdf2 Qd6 35. Qf3+ Kc7 36. Rxf7+ Re7 37. Rxe7+ Qxe7 38. Re2 Qd6 39. Qf5 d3 40. Re6 1-0